Vista normal
Vista MARC
Entrada Materia (tema)
Número de registros utilizados en: 1
001 - CONTROL NUMBER
- control field: 53939
003 - CONTROL NUMBER IDENTIFIER
- control field: Co-BoUCM
005 - DATE AND TIME OF LATEST TRANSACTION
- control field: 20140123082730.0
008 - FIXED-LENGTH DATA ELEMENTS
- fixed length control field: 140123|| aca||aabn | a|a d
040 ## - CATALOGING SOURCE
- Original cataloging agency: Co-BoUCM
- Transcribing agency: Co-BoUCM
150 ## - HEADING--TOPICAL TERM
- Topical term or geographic name as entry element: Marxismo
- General subdivision: Aspectos sociales
670 ## - SOURCE DATA FOUND
- Source citation: Work cat.: (Co-BoUCM)184719: Teoría crítica de la sociedad y salud pública, 2011